LDR 00840nam a2200229 i 4500 001 000000180330 003 CaOOAMICUS 005 20090706000000.0 008 090706s1968 it u000 u ita u 013 $a157975 040 $aSeMil$bita 100 1 $aRosmini, Antonio,$c
.$0(OLS)http://semarc/name/405 245 10$a2 /$cAntonio Rosmini. 260 $aPadova :$bCEDAM,$c1968. 300 $aP. 260-590 ;$c25 cm. 773 0 $aRosmini, Antonio
$tFilosofia del diritto.$dPadova : CEDAM, 1967-1969.$w()21634 850 $aSeMil 852 $aSeMil$W1$xVenegono$y1$m2QA A 36$j272499$B131079$CSeMilBibl$Z2$F142979 $81 900 1 $aRosmini Serbati, Antonio. 996 $6245$a2$9(OLS)http://semarc/title/46890 996 $6260$aPadova :$bCEDAM$9(OLS)http://semarc/publisher/30274